000 00233nam a2200109Ia 4500
008 230320s9999||||xx |||||||||||||| ||spa||
082 _a186/L82
100 _aLongino
245 0 _aDe Lo Sublime
260 _bAguilar
942 _80
_cLIB
999 _c26147
_d26147